000 00721nam a2200241Ia 4500
003 OSt
005 20220923214211.0
006 a|||||r|||| 00| 0
007 ta
008 220922b |||||||| |||| 00| 0 hin d
024 _a167,865
037 _cTextual
040 _aARTS
_cARTS
_bhin
041 _2hin
_ahin
082 _aO152:1L75x, H3;J0
100 _aसूदन, संपा.
245 0 _aसूदन रत्नावली, सत्यप्रिय
246 _aSūdan ratnāvalī, satyapriya
260 _c1950
490 _aआलोक पुस्तकमाला; 4
942 _hO152:1L75x, H3;J0
_cTEXL
_2CC
999 _c322335
_d322335